00514 2200181 4500001002100000005001500021035002000036245007500056100001800131250001700149300003100166260003900197082001000236084001600246020002200262650002800284500002000312INLIS00000000000077220241025101036 a0010-10240000651 aEnsiklopedia Matematika SD :bOperasi Hitung Campuran /cYoni Yuniarto0 aYoni Yuniarto aCetakan ke-1 av, 26 hlm :bIlus ;c30 cm aBandung :bAzka Mulia Media,c2006 a510.3 a510.3 YON e a978-979-1211-11-6 4aEnsiklopedia Matematika aSeri Matematika